| 000 | 00700nam a2200265 a 4500 | ||
|---|---|---|---|
| 005 | 20140310183159.0 | ||
| 008 | 021017s19uu xx 00 eng d | ||
| 020 | _a9814058769 | ||
| 050 |
_aQP 34.5 _b.M455 2002 |
||
| 100 | _aMarieb, Elaine N. | ||
| 245 |
_aEssentials of human anatomy and physiology / _cElaine N. Marieb. |
||
| 250 | _a6th ed. | ||
| 260 |
_aSingapore : _bPearson Education Asia Pte Ltd., _c2002. |
||
| 300 |
_a558 p. : _bill. ; _c27 cm. |
||
| 521 | _aNUR | ||
| 650 | _aHuman physiology | ||
| 650 | _aHuman anatomy | ||
| 650 | _aAnatomy | ||
| 650 | _aPhysiology | ||
| 942 |
_cBK _2lcc _kFOR |
||
| 999 |
_c19820 _d19820 |
||